00345nam a2200145Ia 4500008004100000020001500041041001200056082001100068100001200079245005300091250000800144260002500152300000800177650001400185221030s9999 xx 000 0 und d a8120338197 aEnglish a105.23 aR. Mall 0aFundamentals of Software Engineeringcby R. Mall a3rd bPHIaNew Delhic2010 a441 aComputers